00524nam a2200133Ia 4500008004100000020001800041100001700059245012300076260002700199650002000226856005200246999001900298952007300317171212s9999 xx 000 0 und d a9780833080769 aRobson, Sean cRobson, SeanaPsychological Fitness and ResiliencebA Review of Relevant Constructs, Measures, and Links to Well-Being bRAND Corporationc2014 aHealth Sciences uhttp://www.jstor.org/stable/10.7249/j.ctt6wq7qt c352449d352449 001040aCLbCLd2017-12-12l0r2017-12-12 00:00:00w2017-12-12yCBE